Prezydium sejmu X kadencji - Statystyki

Ogólne statystyki
  • Ten quiz został rozwiązany 36 razy
  • Średni wynik to 5 z 6
Statystyki odpowiedzi
Stanowisko Przynależność klubowa Imię i nazwisko % Poprawnych
Wicemarszałek Konfederacja Krzysztof Bosak
100%
Marszałek Polska 2050 -Trzecia Droga Szymon Hołownia
100%
Wicemarszałek Lewica Włodzimierz Czarzasty
88%
Wicemarszałek PSL - Trzecia Droga Piotr Zgorzelski
66%
Wicemarszałek KO Dorota Niedziela
53%
Wicemarszałek KO Monika Wielichowska
50%
Nie znaleziono quizów pasujących do podanych kryteriów
Rozkład punktacji
Procent ludzi z każdym wynikiem
Percentyl według liczby udzielonych odpowiedzi
Twoja historia wyników
Nie rozwiązałeś tego quizu